Top Of The Morning Inside The Cutthroat World Of Morning TV (Record no. 41280)

MARC details
000 -LEADER
fixed length control field 00396nam a2200133Ia 4500
008 - FIXED-LENGTH DATA ELEMENTS--GENERAL INFORMATION
fixed length control field 240719s9999 xx 000 0 und d
041 ## - LANGUAGE CODE
Language code of text/sound track or separate title eng
082 ## - DEWEY DECIMAL CLASSIFICATION NUMBER
Classification number 791.456 STE
100 ## - MAIN ENTRY--PERSONAL NAME
Personal name STE
245 ## - TITLE STATEMENT
Title Top Of The Morning Inside The Cutthroat World Of Morning TV
260 ## - PUBLICATION, DISTRIBUTION, ETC.
Place of publication, distribution, etc. New York
Name of publisher, distributor, etc. Grand Central Publishing,
Date of publication, distribution, etc. 2013
300 ## - PHYSICAL DESCRIPTION
Extent 312.; P 23 Cm
520 ## - SUMMARY, ETC.
Summary, etc. Gifted By : IMT Faculty Dr. Pawan Jain
Holdings
Withdrawn status Lost status Damaged status Not for loan Home library Current library Shelving location Date acquired Full call number Barcode Date last seen Price effective from Koha item type Public note
        IMTN IMTN Rack 38-A 05/31/2023 791.456 STE 32975 07/19/2024 07/19/2024 Books Gifted
Designed & Maintained by: LRC IMT Nagpur Contact: lrc@imtnag.ac.in© 2024. All Rights Reserved.